| 000 | 00902nam a2200241 a 4500 | ||
|---|---|---|---|
| 001 | BRCA_1275 | ||
| 005 | 20190320203346.0 | ||
| 008 | 060206s2005 sp-a---##b---s000-0dspa-# | ||
| 020 | _a848633828 | ||
| 040 |
_aDLC _cDLC |
||
| 041 | _aspa | ||
| 044 | _asp | ||
| 050 | 4 |
_aN5277.2.R5 _b.P54 2005 |
|
| 100 | 1 |
_aPleguezuelo Hernández, Alfonso _93465 |
|
| 245 | 1 | 0 |
_aManuel Rivero _blos encargos artísticos de un mercader andaluz del siglo XVIII _cAlfonso Pleguezuelo Hernández. |
| 260 |
_aEspaña _bDiputación de Huelva : Servicio de Publicaciones _c2005 |
||
| 300 |
_a282 p. _bil. (algunas a color) _c24 cm. |
||
| 504 | _aBibliografía : p. 275-282 | ||
| 600 | 1 | 4 |
_aRivero González, Manuel _d1697-1780 _xColecciones de arte _94190 |
| 600 | 1 | 4 |
_aRivero González, Manuel _d1697-1780 _xMecenazgo artístico _94191 |
| 650 | 1 | 4 |
_aMecenazgo artístico _xHistoria _ySiglo XVIII _zEspaña _94192 |
| 942 |
_2lcc _cB |
||
| 999 |
_c1144 _d1144 |
||